000 00496nam a2200193Ia 4500
003 GCL
008 140319s9999 xx 000 0 eng d
040 _aGCL /
_cGCL
082 0 4 _a751.422
_bR W
100 1 _aREYNALDS, GRAHAN
245 1 0 _aWATER COLOURS: A CONCISE HISTORY /
_cREYNALDS, GRAHAN
260 _a[S.N] :
_bTHAMES AND HUDSON ،
_c1993
300 _a216
650 0 4 _aARTS
650 0 4 _aHISTORY AND CRITICISM
650 0 4 _aPAINTING
650 0 4 _aWATER COLOURS
942 _2ddc
_cBK
999 _c18777
_d18777